| 000 | 01346nam a22002897a 4500 | ||
|---|---|---|---|
| 999 |
_c119675 _d119675 |
||
| 003 | dpl | ||
| 005 | 20190503132402.0 | ||
| 008 | 190503b ||||| |||| 00| 0 eng d | ||
| 010 | _aB-117937 | ||
| 020 |
_c500.00 _a817910009 |
||
| 035 | _aB-117937, B-117942 | ||
| 037 | _bCen Lib/Ret | ||
| 040 |
_aDPL _bHN _c0 |
||
| 082 |
_a634.92 _bशर्मारा |
||
| 100 |
_aशर्मा, राकेश कुमार _986170 |
||
| 245 |
_aसाझा वन प्रबन्ध / _cराकेश कुमार शर्मा |
||
| 246 |
_aSajha van prabandh / _bby Rakesh Kumar Sharma |
||
| 260 |
_aजयपुर _bआविष्कार पब्लिशर्स _c2002 |
||
| 270 |
_a807, व्यास बिल्डिंग, चौड़ा रास्ता _bजयपुर _e302 003 |
||
| 300 |
_aix,259पृ. _c21सेमी(सजिल्द) |
||
| 500 | _aसंदर्भ शामिल | ||
| 650 |
_aसाझा वन प्रबन्ध -- ग्रामीण सहभागिता _986171 |
||
| 650 |
_aसाझा वन प्रबन्ध -- समस्याएँ _982887 |
||
| 650 |
_aShare Forest Stewardship - Rural Interactions _986172 |
||
| 650 |
_aShare Forest Stewardship - Problems _986173 |
||
| 942 |
_2ddc _cHN _h634.92 _mशर्मारा |
||